| 000 | 00942nam a2200229Ia 4500 | ||
|---|---|---|---|
| 001 | 15649 | ||
| 003 | GE_BSU | ||
| 008 | 181216s||||||||xx |||||||||||||| ||und|| | ||
| 040 | _cGE_BSU | ||
| 080 | _a821.353.1-1 | ||
| 100 | _aწერეთელი, ა. | ||
| 245 | _aთხზულებათა სრული კრებული : 15 ტომად. ტ.1 | ||
| 245 | _bლექსები 1856-1879 | ||
| 245 | _cრედ.: გ.აბზიანიძე. ტექსტი და ვარიანტები დაამუშავა სოლომონ ყუბანეიშვილმა | ||
| 260 | _aთბილისი | ||
| 260 | _bსახელგამი | ||
| 260 | _c1950 | ||
| 300 | _a504 გვ. : 4 ფ. პორტრ. და ფაქს.20 სმ | ||
| 653 | _aთხზულებათა სრული კრებული | ||
| 653 | _aლექსები | ||
| 942 | _cBK | ||
| 999 |
_c48748 _d48748 |
||